Guess the Olivia Rodrigo Song with No Hints -1 - Statistics

General Stats
  • This quiz has been taken 407 times
  • The average score is 159 of 217
Answer Stats
% Correct
I
99%
you
96%
You
96%
a
94%
the
88%
The
88%
your
85%
Your
85%
we
83%
an
82%
so
82%
me
81%
And
80%
and
80%
it
80%
to
80%
that
79%
do
78%
my
77%
on
77%
did
74%
all
73%
All
73%
you're
73%
Know
72%
know
72%
like
72%
was
72%
could
71%
Just
71%
mine
71%
what
71%
but
69%
But
69%
loved
68%
things
68%
crime
67%
hope
67%
Oh
67%
call
66%
'Cause
66%
favorite
66%
were
66%
hate
65%
with
65%
say
64%
if
63%
It's
63%
let
63%
as
62%
bad
62%
look
62%
One
61%
think
61%
Well
59%
every
58%
I'd
58%
time
58%
treat
58%
Yeah
58%
doing
57%
face
57%
made
57%
smile
57%
heart
56%
about
55%
again
55%
broke,
55%
broke
55%
down
55%
honey
55%
going
54%
hands
54%
damage
53%
four
53%
friends
53%
now
53%
baby
52%
became
52%
alibi
51%
bloody
51%
trouble
51%
everything
50%
used
50%
crossed
49%
line
49%
watched
49%
around
48%
siren
48%
wonder
48%
scene
47%
accomplice,
46%
sounds
46%
defended
45%
bittersweet
44%
willing
44%
buried
43%
fled
43%
Doe-eyed
36%
Those
16%
No matching quizzes found
Score Distribution
Percent of People with Each Score
Percentile by Number Answered
Your Score History
You have not taken this quiz